ბათუმის შოთა რუსთაველის სახელმწიფო უნივერსიტეტის ბიბლიოთეკა

დავით გურამიშვილის "წიგნი ესე მხიარული ზაფხული" ლიტერატურულ-მხატვრული ანალიზი / (ბიბ.ჩანაწერი № 57091)

000 -ლიდერი
ფიქსირებული სიგრძის საკონტროლო ველი 00953nam a22001937a 4500
003 - საკონტროლო ნომრის იდენტიფიკატორი
საკონტროლო ველი Ge_BSU
005 - ბოლო ოპერაციის თარიღი და დრო
საკონტროლო ველი 20221221152833.0
008 - ფიქსირებული სიგრძის მონაცემთა ელემენტები - ზოგადი ინფორმაცია
ფიქსირებული სიგრძის საკონტროლო ველი 191114s2019 ge ||||| |||| 00| 0 geo d
041 ## - ენის კოდი
Language code of text/sound track or separate title geo
080 ## - უნივერსალური ათობითი კლასიფიკაციის ინდექსი
Universal Decimal Classification number 82 ლ-16
100 ## - მთავარი ჩანაწერი - პიროვნების სახელი
Personal name ლაზიშვილი, მზია
9 (RLIN) 5350
245 ## - ცნობა სათაურის შესახებ
Title დავით გურამიშვილის "წიგნი ესე მხიარული ზაფხული" ლიტერატურულ-მხატვრული ანალიზი /
Statement of responsibility, etc მზია ლაზიშვილი; სამეცნ. ხელმძღვ. შ. ჯიჯიეშვილი.
300 ## - ფიზიკური აღწერა
Extent 134 გვ.
Other physical details 30 სმ.
504 ## - BIBLIOGRAPHY, ETC. NOTE
Bibliography, etc ბიბლიოგრ. გვ. 130-133
653 ## - INDEX TERM--UNCONTROLLED
Uncontrolled term ფილოლოგია
653 ## - INDEX TERM--UNCONTROLLED
Uncontrolled term დისერტაცია
700 ## - ADDED ENTRY--PERSONAL NAME
Personal name ჯიჯიეშვილი, შ.
Relator term სამეცნ. ხელმძღვანელი
9 (RLIN) 5349
942 ## - ADDED ENTRY ELEMENTS (KOHA)
Source of classification or shelving scheme
Koha item type დისერტაცია
ეგზემპლარები
ჩამოწერის სტატუსი დაკარგული ეგზემპლარის სტატუსი კლასიფიკაციის წყარო ან თაროზე გაწყობის სქემა დაზიანების სტატუსი არ გაიცემა მუდმივი მდებარეობა (დაცვის ადგილი) ამჟამინდელი ადგილსამყოფელი თაროზე განთავსების ადგილი შეძენის თარიღი სრული შენახვის შიფრი შტრიხკოდი ბოლო ოპერაციის თარიღი ეგზემპლარის მიმდევრობითი ნომერი (კეტერი?) ფასის ძალაში შესვლის თარიღი ეგზემპლარის სახეობა
          ბათუმის შოთა რუსთაველის სახელმწიფო უნივერსიტეტის მთავარი ბიბლიოთეკა ბათუმის შოთა რუსთაველის სახელმწიფო უნივერსიტეტის მთავარი ბიბლიოთეკა წიგნსაცავი 2019-11-14 82 ლ-16 332 დისერტაცია 2019-11-14 332 2019-11-14 დისერტაცია